| 000 | 01108cam a2200313 a 4500 | ||
|---|---|---|---|
| 001 | 3088306 | ||
| 003 | ARRUPE | ||
| 005 | 20211015112220.0 | ||
| 008 | 980421s1999 maua b 001 0 eng | ||
| 010 | _a 98023967 | ||
| 020 | _a0631202900 (hc. : alk. paper) | ||
| 020 | _a0631202919 (pbk.) | ||
| 040 |
_aDLC _cDLC _dDLC |
||
| 050 | 0 | 0 |
_aBD161 _b.B465 1999 |
| 082 | 0 | 0 |
_a121 _221 |
| 245 | 0 | 4 |
_aThe Blackwell guide to epistemology / _cedited by John Greco and Ernest Sosa. |
| 246 | 3 | 0 | _aEpistemology |
| 260 |
_aMalden, Mass. : _bBlackwell, _c1999. |
||
| 300 |
_aix, 464 p. : _bill. ; _c26 cm. |
||
| 440 | 0 |
_aBlackwell philosophy guides _93389 |
|
| 504 | _aIncludes bibliographical references (p. 436-450) and index. | ||
| 650 | 0 | _aKnowledge, Theory of. | |
| 700 | 1 |
_aGreco, John. _950536 |
|
| 700 | 1 |
_aSosa, Ernest. _917009 |
|
| 906 |
_a7 _bcbc _corignew _d1 _eocip _f19 _gy-gencatlg |
||
| 942 |
_2lcc _cMONOGRAPH |
||
| 999 |
_c130907 _d130907 |
||